000 00803nam a22002417a 4500
003 UA-OsUOA
001 29774
007 ta
008 20041026b un ||||| |||| 00| 0 ukr d
090 _a82.09(477)
_bВ11
942 _cBK
040 _aUA-OsUOA
_bukr
_cUA-OsUOA
_dUA-OsUOA
245 _aВ сім'ї вольній, новій
_bШевченківський збірник
_cред. О. Бандура; упоряд. О. М. Дмитренко, В. К. Костенко
300 _a296 с.
_bІлюстрації
955 _a2
041 _aukr
080 _a82.09(477)
260 _aКиїв
_bРадянський письменник
_c1985
044 _aUA
250 _nВип. 2
650 7 _a82 Література. Літературознавство
_2UDC
999 _c316172
_d316172